Ordonnance de Louis XIV, roy de France et de Navarre, servant de reglement pour le commerce de marchands : donnée à Saint Germain en Laye, au mois d'avril 1673.

Bibliographic Details
Corporate Authors: France, France. Sovereign (1643-1715 : Louis XIV)
Format: eBook
Language:French
Published: Paris : Chez les associez choisis par ordre de Sa Majesté, pour l'impression de ses nouvelles ordonnances, 1755.
Series:Making of the modern world (Goldsmiths'-Kress Library of Economic Literature)
Subjects:
Online Access:Connect to the full text of this electronic book

MARC

Tag First Indicator Second Indicator Subfields
LEADER 00000cam a2200000Ia 4500
001 in00002321815
005 20190326205040.0
006 m | d |
007 cr |n||||||||n
008 920521r19741750ctu sl f000 0 fre d
019 |a 23964616 
040 |a DLM  |c GKS  |d OCL  |d Thomson Gale  |d UtOrBLW 
043 |a e-fr--- 
110 1 |a France. 
245 1 0 |a Ordonnance de Louis XIV, roy de France et de Navarre, servant de reglement pour le commerce de marchands :  |b donnée à Saint Germain en Laye, au mois d'avril 1673. 
264 1 |a Paris :  |b Chez les associez choisis par ordre de Sa Majesté, pour l'impression de ses nouvelles ordonnances,  |c 1755. 
300 |a 4 unnumbered pages, 112 pages, [iii]-xii, 341-728 pages ;  |c 12 cm. 
336 |a text  |b txt  |2 rdacontent 
337 |a computer  |b c  |2 rdamedia 
338 |a online resource  |b cr  |2 rdacarrier 
500 |a Errors in paging: xi numbered x; 354 numbered 254; 640 numbered 340. 
500 |a Ordonnance de Louis XIV, roi de France et de Navarre, pour les matieres criminelles, du mois d'août 1670 : et pour le commerce, du mois de mars 1673. Nouvelle edition, augmentée des edits, déclarations & reglemens intervenus depuis ces ordonnances--(P. [iii]-xii, 341-454). 
500 |a Ordonnance de Louis XIV, roy de France et Navarre, donnée à Saint Germain en Laye, au mois d'août 1670 : pour les matieres criminelles--(P. [455]-728). 
500 |a Misbound: pages 1-112 bound after page 728. 
500 |a Reproduction of original from Kress Library of Business and Economics, Harvard University. 
500 |a Goldsmiths'-Kress number 09027.7. 
510 4 |a OCLC,  |c 25853800 
533 |a Electronic reproduction.  |b Farmington Hills, Mich. :  |c Thomson Gale,  |d 2005.  |f (The making of the modern world).  |n Available via the World Wide Web.  |n Access limited to licensing agreements.  |7 s2005 miunns 
500 |a Electronic resource. 
650 0 |a Commercial law  |z France. 
650 0 |a Criminal law  |z France. 
655 0 |a Electronic books. 
710 1 |a France.  |b Sovereign (1643-1715 : Louis XIV) 
740 0 |a Ordonnance de Louis XIV, roi de France et de Navarre, pour les matieres criminelles, du mois d'Août, 1670. 
740 0 |a Ordonnance de Louis 14e, roi de France et de Navarre, pour les matieres criminelles, du mois d'Août 1670. 
740 0 |a Ordonnance de Louis 14e, roy de France et de Navarre, servant de reglement pour le commerce de marchands. 
830 0 |a Making of the modern world (Goldsmiths'-Kress Library of Economic Literature) 
856 4 0 |u http://proxy.library.tamu.edu/login?url=http://galenet.galegroup.com/servlet/MOME?af=RN&ae=U100998383&srchtp=a&ste=14&locID=txshracd2898  |z Connect to the full text of this electronic book  |t 0 
999 |a MARS 
999 f f |s 3bea9c6c-fcf4-3320-80ef-e4552513461c  |i f0e0c64a-1448-3be1-b4a2-c1b402ba1260  |t 0 
952 f f |a Texas A&M University  |b College Station  |c Electronic Resources  |d Available Online  |t 0  |h No information provided 
998 f f |t 0  |l Available Online